Pioneer missionaries of North East India : (Record no. 2273)

MARC details
000 -LEADER
fixed length control field 01087cam a2200313 a 4500
001 - CONTROL NUMBER
control field 14155380
003 - CONTROL NUMBER IDENTIFIER
control field GBCCL
005 - DATE AND TIME OF LATEST TRANSACTION
control field 20241126110425.0
008 - FIXED-LENGTH DATA ELEMENTS--GENERAL INFORMATION
fixed length control field 051027m20039999ii c 000 0ceng
010 ## -
-- 2005387513
025 ## - OVERSEAS ACQUISITION NUMBER
Overseas acquisition number I-E-2005-387513; 13
037 ## - SOURCE OF ACQUISITION
Source of stock number/acquisition Library of Congress -- New Delhi Overseas Office
Terms of availability Rs100.00 (v. 1)
040 ## - CATALOGING SOURCE
Original cataloging agency DLC
Transcribing agency DLC
Modifying agency DLC
042 ## -
-- lcode
043 ## -
-- a-ii---
050 00 -
-- BV3269.A1
-- Z45 2003
082 ## - DEWEY DECIMAL CLASSIFICATION NUMBER
Classification number 266.0095416
-- 266.0095416092
Item number ZEL
100 1# - MAIN ENTRY--PERSONAL NAME
Personal name Zeliang, Elungkiebe.
9 (RLIN) 4681
245 10 - TITLE STATEMENT
Title Pioneer missionaries of North East India :
Remainder of title selected missionaries /
Statement of responsibility, etc. Elungkiebe Zeliang.
250 ## - EDITION STATEMENT
Edition statement 1st ed.
260 ## - PUBLICATION, DISTRIBUTION, ETC.
Place of publication, distribution, etc. Jorhat :
Name of publisher, distributor, etc. Eastern Theological College,
Date of publication, distribution, etc. 2003-
300 ## - PHYSICAL DESCRIPTION
Extent v. <1> :
Other physical details ports. ;
Dimensions 23 cm
610 20 - SUBJECT ADDED ENTRY--CORPORATE NAME
Corporate name or jurisdiction name as entry element Catholic Church
Geographic subdivision India, Northeastern
General subdivision History.
9 (RLIN) 4682
650 #0 - SUBJECT ADDED ENTRY--TOPICAL TERM
Topical term or geographic name entry element Missionaries
Geographic subdivision India, Northeastern
Form subdivision Biography.
9 (RLIN) 4683
650 #0 - SUBJECT ADDED ENTRY--TOPICAL TERM
Topical term or geographic name entry element Missions
Geographic subdivision India, Northeastern
General subdivision History.
9 (RLIN) 4684
906 ## - LOCAL DATA ELEMENT F, LDF (RLIN)
a 7
b cbc
c origode
d 2
e ncip
f 20
g y-gencatlg
942 ## - ADDED ENTRY ELEMENTS (KOHA)
Source of classification or shelving scheme Dewey Decimal Classification
Koha item type Books
Koha issues (borrowed), all copies 73
Holdings
Withdrawn status Lost status Source of classification or shelving scheme Damaged status Not for loan Home library Current Library Shelving location Date acquired Total checkouts Full call number Barcode Date last seen Date last checked out Copy number Price effective from Koha item type Total renewals
    Dewey Decimal Classification     GRACE BIBLE COLLEGE GRACE BIBLE COLLEGE North East Collection 2017-07-20 4 266.0095416 ZEL 012755 2025-05-01 2023-12-09 c.2 2017-07-20 Books  
    Dewey Decimal Classification     GRACE BIBLE COLLEGE GRACE BIBLE COLLEGE North East Collection 2017-08-16 3 266.0095416 ZEL 010117 2025-05-01 2023-12-07 c.1 2017-08-16 Books 1
    Dewey Decimal Classification     GRACE BIBLE COLLEGE GRACE BIBLE COLLEGE North East Collection 2018-02-05 9 266.0095416 ZEL 014566 2025-05-01 2023-12-14 c.3 2018-02-05 Books 1
    Dewey Decimal Classification     GRACE BIBLE COLLEGE GRACE BIBLE COLLEGE North East Collection 2018-02-05 9 266.0095416 ZEL 014567 2025-05-01 2024-02-05 c.4 2018-02-05 Books 1
    Dewey Decimal Classification     GRACE BIBLE COLLEGE GRACE BIBLE COLLEGE North East Collection 2018-02-05 16 266.0095416 ZEL 014568 2026-01-21 2026-01-20 c.5 2018-02-05 Books  
    Dewey Decimal Classification     GRACE BIBLE COLLEGE GRACE BIBLE COLLEGE North East Collection 2018-02-05 17 266.0095416 ZEL 014569 2025-05-01 2024-02-15 c.6 2018-02-05 Books  
    Dewey Decimal Classification     GRACE BIBLE COLLEGE GRACE BIBLE COLLEGE North East Collection 2018-02-05 18 266.0095416 ZEL 014570 2026-02-12 2026-02-10 c.7 2018-02-05 Books  
© Grace Bible College Library 2025